|
|
|
|
| LEADER |
00000nas a2200000 a 4500 |
| 001 |
ssj0003367 |
| 003 |
WaSeSS |
| 005 |
20200512172242.0 |
| 006 |
m d |
| 007 |
cr n |
| 008 |
000914c19839999enkqr pss o 0 0eng c |
| 010 |
|
|
|a 2007233092
|
| 015 |
|
|
|a GBA605743
|2 bnb
|
| 016 |
7 |
|
|a 2025764 8
|2 DE-600
|
| 016 |
7 |
|
|a 013359313
|2 Uk
|
| 022 |
|
|
|a 1469-672X
|l 0264-6838
|y 0264-6838
|
| 035 |
|
|
|a (WaSeSS)ssj0003367
|
| 040 |
|
|
|a F#A
|b eng
|e pn
|c F#A
|d OCLCQ
|d AAA
|d CGU
|d GUA
|d FQM
|d OCLCQ
|d NOC
|d OCLCF
|d CHVBK
|d IUL
|d OCLCQ
|d NLE
|d DLC
|d AU@
|d OCLCO
|d WYU
|d UKMGB
|d VT2
|d U3W
|d WaSeSS
|
| 042 |
|
|
|a pcc
|
| 050 |
0 |
0 |
|a QP251
|
| 050 |
1 |
4 |
|a RG560
|
| 060 |
|
4 |
|a INTERNET
|
| 082 |
0 |
4 |
|a 155.6463
|
| 130 |
0 |
|
|a Journal of reproductive and infant psychology (Online)
|
| 245 |
1 |
0 |
|a Journal of reproductive and infant psychology
|h [electronic resource].
|
| 246 |
1 |
3 |
|a Journal of reproductive & infant psychology
|
| 246 |
1 |
3 |
|a JRIP
|
| 260 |
|
|
|a [London] :
|b Carfax Pub., Taylor & Francis Group
|
| 310 |
|
|
|a Quarterly
|
| 362 |
1 |
|
|a Print began with vol. 1, pt. 1 (May 1983).
|
| 500 |
|
|
|a Published: Taylor & Francis, 2002-
|
| 506 |
|
|
|a License restrictions may limit access.
|
| 538 |
|
|
|a Mode of access: World Wide Web.
|
| 550 |
|
|
|a Issues for <2000-> published on behalf of the Society for Reproductive and Infant Psychology.
|
| 588 |
|
|
|a Description based on: Vol. 18, no. 1 (Feb. 2000); title from contents screen (MetaPress, viewed Mar. 26, 2007).
|
| 588 |
|
|
|a Latest issue consulted: Vol. 35, issue 5 (Nov. 2017) (publisher's web site viewed Jan. 5, 2018).
|
| 650 |
|
0 |
|a Human reproduction
|x Psychological aspects
|v Periodicals.
|
| 650 |
|
0 |
|a Pregnancy
|x Psychological aspects
|v Periodicals.
|
| 650 |
|
0 |
|a Infant psychology
|v Periodicals.
|
| 650 |
|
7 |
|a Human reproduction
|x Psychological aspects.
|2 fast
|0 (OCoLC)fst00963241
|
| 650 |
|
7 |
|a Infant psychology.
|2 fast
|0 (OCoLC)fst00972077
|
| 650 |
|
7 |
|a Pregnancy
|x Psychological aspects.
|2 fast
|0 (OCoLC)fst01075138
|
| 650 |
|
2 |
|a Reproduction
|v Periodicals.
|
| 650 |
|
2 |
|a Child Psychology
|v Periodicals.
|
| 650 |
|
2 |
|a Women
|x psychology
|v Periodicals.
|
| 655 |
|
0 |
|a Electronic journals.
|
| 710 |
2 |
|
|a Society for Reproductive and Infant Psychology (Great Britain)
|
| 776 |
0 |
8 |
|i Print version:
|t Journal of reproductive and infant psychology
|x 0264-6838
|w (DLC)sn 86031091
|w (OCoLC)10960360
|
| 850 |
|
|
|a DLC
|
| 856 |
4 |
0 |
|z Full text available from Research Library: 05/01/1997 to 11/30/2000
|u https://search.proquest.com/publication/37376
|